000 00899nam a2200229 a 4500
001 22474
003 CO-ViMGA
008 141112s2004 ck r 000 u spa d
040 _aCO-ViMGA
_bspa
_cCO-ViMGA
082 0 4 _a364.154 V492s
100 1 _aVizcaíno G, Milciades
_931873
245 1 0 _aSecuestrados o prisioneros de guerra :
_bVisiones del mismo conflicto armado
260 _aMedellín :
_bUniversidad Cooperativa de Colombia,
_c2004
300 _a210
490 _aInvestigación
505 _aSignificado del secuestro 18 - - Dimensiones del secuestro 64 - - Circunstancias de los secuestrados 106
590 _aForma de adquisición : 2008 - - Precio : 13000 - - Fecha de adquisición : 2008
650 1 4 _aCONFLICTO ARMADO - COLOMBIA
_92049
650 1 4 _aDELITOS CONTRA LA PERSONA - COLOMBIA
_931874
650 1 4 _aSECUESTRO - ASPECTOS SOCIALES - COLOMBIA
_931875
942 _2ddc
_cBK
999 _c30780
_d30780